Health
Đã lưu trong:
| 主要作者: | |
|---|---|
| 格式: | 圖書 |
| 語言: | Undetermined |
| 出版: |
New York
McGraw-Hill School Division
1999
|
| 主題: | |
| 標簽: |
添加標簽
沒有標簽, 成為第一個標記此記錄!
|
| Thư viện lưu trữ: | Trung tâm Học liệu Trường Đại học Cần Thơ |
|---|
| LEADER | 00593nam a2200181Ia 4500 | ||
|---|---|---|---|
| 001 | CTU_126233 | ||
| 008 | 210402s9999 xx 000 0 und d | ||
| 082 | |a 613 | ||
| 082 | |b G435 | ||
| 100 | |a Giarratano-Russell, Susan C. | ||
| 245 | 0 | |a Health | |
| 245 | 0 | |c Susan C. Giarratano-Russell and Donna Lioyd-Kolkin ; Program authors by Danny J. Ballard , Alisa Evans Debnam and Anthony Sancho | |
| 260 | |a New York | ||
| 260 | |b McGraw-Hill School Division | ||
| 260 | |c 1999 | ||
| 650 | |a Public health,Health care | ||
| 904 | |i Giang | ||
| 980 | |a Trung tâm Học liệu Trường Đại học Cần Thơ | ||